000 00760nam a22001817a 4500
005 20251108164028.0
008 250721s2008 xx 000 0 ara d
082 1 4 _aم/956.941/ندو
111 2 _aفعاليات ندوة القائد عطاء و إنجازات ( صاحب السمو الشيخ الشيخ خليفة بن زايد آل نهيان)
_cأبو ظبي
_d29 أكتوبر 2007
245 1 0 _aندوة القائد .. عطاء و إنجازات /
264 1 _a(أبو ظبي ) :
_bمركز شؤون الإعلام،
_c2008.
300 _a179 ص.
650 1 7 _aالامارات العربيه المتحده
650 1 7 _aعهد خليفه بن زايد آل نهيان
653 _aاماره ابو ظبي
942 _2ddc
_cREF
999 _c1826
_d1826